00596 2200229 4500001002100000005001500021035002000036007000300056008004100059082000800100084001400108100001400122245004100136250002000177300002400197110002200221264004000243336002100283337003000304338002300334990000900357INLIS00000000000272420260206120740 a0010-0226000013ta260206 0  a294 a294 TIM b ePengarang1 aBuddha Maitreya /cTim Cahaya Maitri acetakan pertama a45 halaman ;c14 cm0 aTim Cahaya Maitri aSumatera Utara :bDPDMAPANBUMISUMUT 2rdacontentateks 2rdamediaatanpa perantara 2rdacarrieravolume a6086